| 000 | 00000nam##2200000za#4500 |
| 001 | 9.602209 |
| 003 | CaOODSP |
| 005 | 20210624210445 |
| 007 | cr ||||||||||| |
| 008 | 150406|1999||||xxc|||||o f|0| 0 fre|d |
| 040 | |aCaOODSP|bfre |
| 043 | |an-cn--- |
| 086 | 1 |aNH18-24/12F-PDF |
| 110 | 2 |aSociété canadienne d'hypothèques et de logement. |
| 245 | 13|aLe soin des arbres après la tempête |h[ressource électronique] |
| 260 | |aOttawa - Ontario : |bSociété canadienne d'hypothèques et de logement |c[1999]. |
| 300 | |a4p.|bfigure |
| 490 | 1 |aVotre maison |vCF12 |
| 504 | |aBibliographie. |
| 590 | |a11-23-Supp|b2011-10-17 |
| 691 | 07|aArbre|2gcpds |
| 691 | 07|aTempête|2gcpds |
| 775 | 08|tHelping your trees survive storm damage |w(CaOODSP)9.571784 |
| 776 | 0#|tSoins à donner aux arbres endommagés par une tempête |w(CaOODSP)9.625691 |
| 830 | #0|aVotre maison ;|vCF12|w(CaOODSP)9.501787 |
| 856 | 40|ahttp://publications.gc.ca|qPDF|s68 Ko|uhttps://publications.gc.ca/collections/Collection/NH18-24-12F.pdf|yCF12 |